000 00659nam a2200205Ia 4500
003 IN-BaIIA
008 211028s9999 xx s 000 0 eng d
020 _a2-86883-766-2 (Online)
022 _a1633-4760 (Print)
022 _a1638-1963 (Online)
040 _cIIA Library
100 _aAime, C., ed.
_938139
245 0 _aAstronomy with High Contrast Imaging II
_h[eBook]
260 _aFrance
_bEDP Sciences
_c2004
300 _aiii, 345p.
490 _aEAS Publications Series
700 _aSoummer, R., ed.
_938140
856 _uhttps://www.eas-journal.org/articles/eas/abs/2004/02/contents/contents.html
_yClick Here to Access eBook
942 _cEB
999 _c20606
_d20606